| 000 | 01352cam a2200289 i 4500 | ||
|---|---|---|---|
| 003 | SA-RiAUC | ||
| 005 | 20250415072512.0 | ||
| 008 | 250415s2006 su g 00000 ara c | ||
| 020 | _a9960970892 | ||
| 040 |
_aAE-AdMPA _bara _cSA-RiAUC _erda |
||
| 043 | _aa-su--- | ||
| 082 | 0 | 4 |
_a953.12 _qSA-RiAUC |
| 090 |
_a953.12 _bع ن ا |
||
| 100 | 1 |
_aالعناقرة، محمد محمود خلف _eمؤلف. |
|
| 245 | 1 | 2 |
_aالحياة الاقتصادية في الحجاز في عصر دولة المماليك / _cمحمد محمود خلف العناقرة. |
| 264 | 1 |
_aالرياض : _bدارة الملك عبد العزيز، _c2006 |
|
| 300 |
_a278 صفحة ؛ _c24 سم. |
||
| 336 |
_aنص _btxt _2rdacontent _3كتاب |
||
| 337 |
_aبدون وسيط _bn _2rdamedia |
||
| 338 |
_aمجلد _bnc _2rdacarrier |
||
| 490 | 1 |
_aإصدارات دارة الملك عبد العزيز. _aسلسلة الرسائل الجامعية ؛ _v190 |
|
| 651 | 7 |
_aالبلاد العربية _xتاريخ _yالعصر المملوكي، 1250-1517 _2aucsh |
|
| 651 | 7 |
_aالحجاز (السعودية) _xأحوال اقتصادية _yالعصر المملوكي، 648-922 هجري _2aucsh |
|
| 830 | 0 |
_aسلسلة الرسائل الجامعية (دارة الملك عبد العزيز) _v190 |
|
| 942 |
_2ddc _cBOOK _n0 |
||
| 949 |
_aSA-JeALM _d250415 _umohamedma123 _n1 |
||
| 999 |
_c7066 _d7066 |
||